[Event "DEM U18 2017"]
[Site "Willingen GER"]
[Date "2017.06.06"]
[Round "4"]
[White "Urban, Konstantin"]
[Black "Brunner, Wilken"]
[Result "1-0"]
[Termination "normal"]
[Board "10"]
[WhiteElo "2377"]
[BlackElo "2037"]
[WhiteClock "00:27:04"]
[BlackClock "00:15:29"]
[PlyCount "59"]
[WhiteFideId "12927511"]
[BlackFideId "12928771"]
[EventCountry "GER"]
[EventRounds "9"]
[EventType "swiss"]
[EventDate "2017.06.03"]

1. e4 {[%clk 1:30:58]} 1... e6 {[%clk 1:30:56]} 2. d4 {[%clk 1:31:24]} 2... d5
{[%clk 1:31:23]} 3. Nd2 {[%clk 1:31:48]} 3... Nf6 {[%clk 1:31:49]} 4. e5 {
[%clk 1:32:12]} 4... Nfd7 {[%clk 1:32:16]} 5. c3 {[%clk 1:32:30]} 5... c5 {
[%clk 1:32:41]} 6. f4 {[%clk 1:32:38]} 6... Nc6 {[%clk 1:33:01]} 7. Ndf3 {
[%clk 1:32:59]} 7... Qb6 {[%clk 1:33:10]} 8. a3 {[%clk 1:33:09]} 8... Be7 {
[%clk 1:32:15]} 9. h4 {[%clk 1:33:13]} 9... f6 {[%clk 1:32:24]} 10. Bd3 { [%clk
1:33:08]} 10... a5 {[%clk 1:19:33]} 11. b3 {[%clk 1:32:46]} 11... cxd4 { [%clk
1:04:48]} 12. cxd4 {[%clk 1:32:45]} 12... O-O {[%clk 1:01:59]} 13. Ne2 { [%clk
1:23:43]} 13... fxe5 {[%clk 0:41:04]} 14. fxe5 {[%clk 1:18:02]} 14... Rxf3
{[%clk 0:38:22]} 15. gxf3 {[%clk 1:17:40]} 15... Ndxe5 {[%clk 0:38:28]} 16.
dxe5 {[%clk 1:15:58]} 16... Nxe5 {[%clk 0:38:51]} 17. Nf4 {[%clk 1:05:03]}
17... Bd7 {[%clk 0:37:45]} 18. Qe2 {[%clk 0:47:29]} 18... Nxd3+ {[%clk 0:31:30]
} 19. Qxd3 {[%clk 0:47:54]} 19... Bb5 {[%clk 0:31:51]} 20. Be3 {[%clk 0:44:36]}
20... Qc6 {[%clk 0:25:57]} 21. Rc1 {[%clk 0:34:46]} 21... Qd7 {[%clk 0:22:44]}
22. Qd4 {[%clk 0:33:44]} 22... Bxa3 {[%clk 0:21:56]} 23. Rc2 {[%clk 0:30:41]}
23... Bb4+ {[%clk 0:22:06]} 24. Kf2 {[%clk 0:29:28]} 24... Rf8 {[%clk 0:21:06]}
25. Qe5 {[%clk 0:28:22]} 25... d4 {[%clk 0:16:52]} 26. Bxd4 {[%clk 0:27:41]}
26... Rf5 {[%clk 0:15:39]} 27. Rc8+ {[%clk 0:25:58]} 27... Rf8 {[%clk 0:14:51]}
28. Qxe6+ {[%clk 0:26:09]} 28... Qxe6 {[%clk 0:15:10]} 29. Rxf8+ { [%clk
0:26:36]} 29... Kxf8 {[%clk 0:15:29]} 30. Nxe6+ {[%clk 0:27:04]} 1-0

[Event "DEM U18 2017"]
[Site "Willingen GER"]
[Date "2017.06.06"]
[Round "4"]
[White "Schmekel, Florian"]
[Black "Neukirchner, Pascal"]
[Result "0-1"]
[Termination "normal"]
[Board "11"]
[WhiteElo "2029"]
[BlackElo "2108"]
[WhiteClock "00:28:06"]
[BlackClock "00:42:57"]
[PlyCount "104"]
[WhiteFideId "12913456"]
[BlackFideId "12997927"]
[EventCountry "GER"]
[EventRounds "9"]
[EventType "swiss"]
[EventDate "2017.06.03"]

1. d4 {[%clk 1:30:57]} 1... g6 {[%clk 1:30:54]} 2. c4 {[%clk 1:31:21]} 2... Bg7
{[%clk 1:31:19]} 3. Nc3 {[%clk 1:31:44]} 3... c5 {[%clk 1:31:45]} 4. d5 { [%clk
1:31:51]} 4... f5 {[%clk 1:32:09]} 5. g3 {[%clk 1:29:26]} 5... Bxc3+ { [%clk
1:29:26]} 6. bxc3 {[%clk 1:29:37]} 6... Qa5 {[%clk 1:29:52]} 7. Qc2 { [%clk
1:28:31]} 7... Nf6 {[%clk 1:29:51]} 8. Bg2 {[%clk 1:25:54]} 8... d6 { [%clk
1:30:13]} 9. h4 {[%clk 1:19:11]} 9... Nbd7 {[%clk 1:27:06]} 10. Nf3 { [%clk
1:06:31]} 10... Nb6 {[%clk 1:27:05]} 11. Nd2 {[%clk 1:06:27]} 11... Bd7 { [%clk
1:23:25]} 12. Rb1 {[%clk 1:01:17]} 12... O-O-O {[%clk 1:18:55]} 13. f4 { [%clk
0:58:11]} 13... Ng4 {[%clk 1:15:38]} 14. Bf3 {[%clk 0:56:39]} 14... Rhe8 {[%clk
1:04:22]} 15. Bxg4 {[%clk 0:51:09]} 15... fxg4 {[%clk 1:04:49]} 16. O-O {[%clk
0:50:36]} 16... e5 {[%clk 1:00:56]} 17. fxe5 {[%clk 0:48:58]} 17... Rxe5 {[%clk
0:57:07]} 18. e4 {[%clk 0:47:58]} 18... Rde8 {[%clk 0:46:29]} 19. Rf7 { [%clk
0:39:08]} 19... Qa4 {[%clk 0:41:53]} 20. Qxa4 {[%clk 0:35:45]} 20... Bxa4
{[%clk 0:39:54]} 21. Bb2 {[%clk 0:27:04]} 21... Bc2 {[%clk 0:36:32]} 22. Rbf1 {
[%clk 0:26:59]} 22... Bxe4 {[%clk 0:30:24]} 23. Nxe4 {[%clk 0:22:47]} 23...
Rxe4 {[%clk 0:30:50]} 24. Rxh7 {[%clk 0:23:07]} 24... Nxc4 {[%clk 0:25:54]} 25.
Bc1 {[%clk 0:22:06]} 25... Ne5 {[%clk 0:26:15]} 26. Bf4 {[%clk 0:20:54]} 26...
Nf3+ {[%clk 0:26:27]} 27. Kg2 {[%clk 0:21:01]} 27... Re2+ {[%clk 0:26:34]} 28.
Rf2 {[%clk 0:21:26]} 28... Re1 {[%clk 0:26:58]} 29. Rxf3 {[%clk 0:21:50]} 29...
gxf3+ {[%clk 0:27:23]} 30. Kxf3 {[%clk 0:22:09]} 30... Rd1 {[%clk 0:22:17]} 31.
c4 {[%clk 0:21:25]} 31... b5 {[%clk 0:19:16]} 32. cxb5 {[%clk 0:17:24]} 32...
Rxd5 {[%clk 0:19:19]} 33. Rxa7 {[%clk 0:17:45]} 33... Re1 {[%clk 0:18:07]} 34.
Rg7 {[%clk 0:14:07]} 34... c4 {[%clk 0:17:15]} 35. b6 {[%clk 0:13:29]} 35...
Rd3+ {[%clk 0:14:55]} 36. Kg4 {[%clk 0:09:00]} 36... c3 {[%clk 0:13:44]} 37.
Rc7+ {[%clk 0:08:57]} 37... Kb8 {[%clk 0:13:25]} 38. Kg5 {[%clk 0:08:31]} 38...
Rb1 {[%clk 0:13:30]} 39. Rc6 {[%clk 0:05:19]} 39... Kb7 {[%clk 0:13:12]} 40.
Rxd6 {[%clk 0:05:37]} 40... Rxd6 {[%clk 0:13:35]} 41. Bxd6 {[%clk 0:06:03]}
41... Rb5+ {[%clk 0:11:40]} 42. Kh6 {[%clk 0:01:37]} 42... Rxb6 {[%clk 0:10:06]
} 43. Bf4 {[%clk 0:01:10]} 43... Kc8 {[%clk 0:10:03]} 44. h5 {[%clk 0:28:59]}
44... gxh5+ {[%clk 0:40:28]} 45. Kxh5 {[%clk 0:29:24]} 45... Kd7 { [%clk
0:40:45]} 46. a3 {[%clk 0:26:41]} 46... c2 {[%clk 0:41:00]} 47. g4 { [%clk
0:26:39]} 47... Ke6 {[%clk 0:41:01]} 48. Kg6 {[%clk 0:26:48]} 48... Rb1 { [%clk
0:41:24]} 49. Kh7 {[%clk 0:26:54]} 49... c1=Q {[%clk 0:41:46]} 50. Bxc1 { [%clk
0:27:19]} 50... Rxc1 {[%clk 0:42:13]} 51. g5 {[%clk 0:27:44]} 51... Kf5 { [%clk
0:42:30]} 52. g6 {[%clk 0:28:06]} 52... Rh1+ {[%clk 0:42:57]} 0-1

[Event "DEM U18 2017"]
[Site "Willingen GER"]
[Date "2017.06.06"]
[Round "4"]
[White "Vuckovic, Zarko"]
[Black "Reindl, Arno"]
[Result "0-1"]
[Termination "normal"]
[Board "12"]
[WhiteElo "2063"]
[BlackElo "2013"]
[WhiteClock "00:48:15"]
[BlackClock "00:57:51"]
[PlyCount "56"]
[WhiteFideId "12952087"]
[BlackFideId "12946729"]
[EventCountry "GER"]
[EventRounds "9"]
[EventType "swiss"]
[EventDate "2017.06.03"]

1. e4 {[%clk 1:30:58]} 1... c5 {[%clk 1:30:44]} 2. Nf3 {[%clk 1:31:27]} 2... d6
{[%clk 1:30:54]} 3. d4 {[%clk 1:31:44]} 3... cxd4 {[%clk 1:31:10]} 4. Nxd4 {
[%clk 1:32:12]} 4... Nf6 {[%clk 1:31:19]} 5. Nc3 {[%clk 1:32:41]} 5... g6 {
[%clk 1:31:29]} 6. f4 {[%clk 1:33:09]} 6... Nc6 {[%clk 1:31:38]} 7. Nf3 { [%clk
1:33:36]} 7... Bg7 {[%clk 1:31:16]} 8. Bd3 {[%clk 1:33:58]} 8... O-O { [%clk
1:31:07]} 9. O-O {[%clk 1:34:24]} 9... a6 {[%clk 1:29:25]} 10. Qe1 { [%clk
1:27:32]} 10... e6 {[%clk 1:25:27]} 11. f5 {[%clk 1:25:04]} 11... exf5 { [%clk
1:23:57]} 12. exf5 {[%clk 1:25:29]} 12... Nb4 {[%clk 1:22:12]} 13. Qh4 { [%clk
1:19:31]} 13... Nxd3 {[%clk 1:22:33]} 14. cxd3 {[%clk 1:19:59]} 14... Bxf5
{[%clk 1:21:51]} 15. Bg5 {[%clk 1:20:16]} 15... h6 {[%clk 1:16:59]} 16. Bxh6
{[%clk 1:20:14]} 16... Bxh6 {[%clk 1:17:15]} 17. Qxh6 {[%clk 1:20:15]} 17...
Ng4 {[%clk 1:17:34]} 18. Qd2 {[%clk 1:19:42]} 18... Qb6+ {[%clk 1:13:02]} 19.
d4 {[%clk 1:19:53]} 19... Nf6 {[%clk 1:10:03]} 20. Nh4 {[%clk 1:06:26]} 20...
Ne4 {[%clk 1:10:23]} 21. Qe3 {[%clk 1:06:46]} 21... Nxc3 {[%clk 1:09:32]} 22.
bxc3 {[%clk 1:06:34]} 22... Rfe8 {[%clk 1:07:50]} 23. Qh6 {[%clk 1:06:14]}
23... Bd3 {[%clk 1:06:49]} 24. Nf3 {[%clk 1:00:11]} 24... Bxf1 {[%clk 1:02:30]}
25. Ng5 {[%clk 1:00:32]} 25... Bc4 {[%clk 1:02:53]} 26. Rf1 {[%clk 0:57:10]}
26... Qc7 {[%clk 0:57:46]} 27. Rf6 {[%clk 0:47:46]} 27... Re1+ {[%clk 0:57:51]}
28. Kf2 {[%clk 0:48:15]} 28... Rf1+ 0-1

[Event "DEM U18 2017"]
[Site "Willingen GER"]
[Date "2017.06.06"]
[Round "4"]
[White "Philippi, Aidan"]
[Black "Küppers, Timo"]
[Result "0-1"]
[Termination "normal"]
[Board "13"]
[WhiteElo "1664"]
[BlackElo "2192"]
[WhiteClock "00:18:38"]
[BlackClock "00:14:06"]
[PlyCount "64"]
[WhiteFideId "16229533"]
[BlackFideId "16205820"]
[EventCountry "GER"]
[EventRounds "9"]
[EventType "swiss"]
[EventDate "2017.06.03"]

1. d4 {[%clk 1:30:58]} 1... Nf6 {[%clk 1:29:34]} 2. c4 {[%clk 1:31:21]} 2... e6
{[%clk 1:29:52]} 3. Nf3 {[%clk 1:31:25]} 3... Bb4+ {[%clk 1:29:00]} 4. Bd2 {
[%clk 1:31:37]} 4... Qe7 {[%clk 1:29:24]} 5. Nc3 {[%clk 1:29:03]} 5... b6 {
[%clk 1:26:11]} 6. Rc1 {[%clk 1:24:54]} 6... Bb7 {[%clk 1:23:51]} 7. e3 { [%clk
1:23:16]} 7... d6 {[%clk 1:21:17]} 8. Be2 {[%clk 1:18:31]} 8... Bxc3 { [%clk
1:17:11]} 9. Bxc3 {[%clk 1:15:35]} 9... Nbd7 {[%clk 1:16:38]} 10. b4 { [%clk
1:12:48]} 10... O-O {[%clk 1:15:11]} 11. O-O {[%clk 1:12:18]} 11... Ne4 { [%clk
1:13:31]} 12. Bb2 {[%clk 1:10:32]} 12... a5 {[%clk 1:02:36]} 13. a3 { [%clk
1:05:15]} 13... f5 {[%clk 0:58:23]} 14. Nd2 {[%clk 0:57:52]} 14... Qg5 { [%clk
0:54:24]} 15. f4 {[%clk 0:56:27]} 15... Qe7 {[%clk 0:51:34]} 16. Nxe4 { [%clk
0:54:20]} 16... Bxe4 {[%clk 0:51:56]} 17. Qb3 {[%clk 0:44:46]} 17... Kh8 {[%clk
0:42:29]} 18. Bf3 {[%clk 0:40:20]} 18... Nf6 {[%clk 0:40:01]} 19. Kh1 { [%clk
0:36:44]} 19... Rg8 {[%clk 0:39:52]} 20. d5 {[%clk 0:31:50]} 20... Bxf3 { [%clk
0:28:45]} 21. gxf3 21... Nd7 {[%clk 0:27:23]} 22. Rfe1 {[%clk 0:27:53]} 22...
e5 {[%clk 0:26:45]} 23. fxe5 {[%clk 0:27:28]} 23... Nxe5 {[%clk 0:24:48]} 24.
e4 {[%clk 0:27:41]} 24... axb4 {[%clk 0:21:58]} 25. axb4 {[%clk 0:24:08]} 25...
fxe4 {[%clk 0:15:28]} 26. Rxe4 {[%clk 0:17:42]} 26... Qg5 {[%clk 0:14:52] } 27.
f4 {[%clk 0:18:05]} 27... Qf5 {[%clk 0:14:53]} 28. Rxe5 {[%clk 0:18:13]} 28...
dxe5 {[%clk 0:15:13]} 29. fxe5 {[%clk 0:18:38]} 29... Qe4+ { [%clk 0:14:17]}
30. Kg1 {[%clk 0:18:59]} 30... Raf8 {[%clk 0:14:00]} 31. Qc2 { [%clk 0:18:40]}
31... Qe3+ {[%clk 0:14:15]} 32. Kh1 {[%clk 0:18:38]} 32... Rf2 {[%clk 0:14:06]}
0-1

[Event "DEM U18 2017"]
[Site "Willingen GER"]
[Date "2017.06.06"]
[Round "4"]
[White "Silber, Kevin"]
[Black "Carnot, Luca"]
[Result "0-1"]
[Termination "normal"]
[Board "14"]
[WhiteElo "2048"]
[BlackElo "1946"]
[WhiteClock "01:10:18"]
[BlackClock "00:39:34"]
[PlyCount "64"]
[WhiteFideId "12930440"]
[BlackFideId "12958964"]
[EventCountry "GER"]
[EventRounds "9"]
[EventType "swiss"]
[EventDate "2017.06.03"]

1. e4 {[%clk 1:30:21]} 1... c5 {[%clk 1:30:57]} 2. c4 {[%clk 1:30:47]} 2... Nc6
{[%clk 1:30:19]} 3. Ne2 {[%clk 1:31:12]} 3... g6 {[%clk 1:29:50]} 4. d4 { [%clk
1:31:37]} 4... cxd4 {[%clk 1:30:16]} 5. Nxd4 {[%clk 1:32:03]} 5... Bg7 { [%clk
1:30:41]} 6. Be3 {[%clk 1:32:30]} 6... Nf6 {[%clk 1:31:07]} 7. Nc3 { [%clk
1:32:57]} 7... O-O {[%clk 1:31:23]} 8. Be2 {[%clk 1:33:19]} 8... d6 { [%clk
1:31:49]} 9. O-O {[%clk 1:33:04]} 9... Bd7 {[%clk 1:32:16]} 10. f3 { [%clk
1:33:27]} 10... Nxd4 {[%clk 1:32:33]} 11. Bxd4 {[%clk 1:33:50]} 11... Bc6
{[%clk 1:33:00]} 12. Qd2 {[%clk 1:32:58]} 12... a5 {[%clk 1:32:55]} 13. a3 {
[%clk 1:32:46]} 13... a4 14. Rac1 {[%clk 1:32:04]} 14... Nd7 {[%clk 1:32:45]}
15. Bxg7 {[%clk 1:30:16]} 15... Kxg7 {[%clk 1:31:35]} 16. Qd4+ {[%clk 1:30:41]}
16... Kg8 {[%clk 1:31:40]} 17. Nd5 {[%clk 1:30:14]} 17... Bxd5 {[%clk 1:31:32]}
18. cxd5 {[%clk 1:30:29]} 18... Nc5 {[%clk 1:31:34]} 19. Qb4 {[%clk 1:29:46]}
19... Qb8 {[%clk 1:22:26]} 20. Bb5 {[%clk 1:24:09]} 20... Qa7 {[%clk 1:20:22]}
21. Kh1 {[%clk 1:24:11]} 21... Rfc8 {[%clk 1:18:54]} 22. Rfe1 {[%clk 1:22:58]}
22... Rc7 {[%clk 1:15:52]} 23. h3 {[%clk 1:21:00]} 23... Rac8 {[%clk 1:04:04]}
24. Rc4 {[%clk 1:19:03]} 24... Qb6 {[%clk 0:39:46]} 25. Rec1 {[%clk 1:11:49]}
25... Nd3 {[%clk 0:37:41]} 26. Rxc7 {[%clk 1:08:20]} 26... Rxc7 {[%clk 0:38:06]
} 27. Bxd3 {[%clk 1:08:47]} 27... Rxc1+ {[%clk 0:38:27]} 28. Kh2 { [%clk
1:09:16]} 28... Qxb4 {[%clk 0:38:47]} 29. axb4 {[%clk 1:09:40]} 29... Ra1
{[%clk 0:38:46]} 30. Bb5 {[%clk 1:09:54]} 30... Ra2 {[%clk 0:39:09]} 31. f4 {
[%clk 1:09:53]} 31... Rxb2 {[%clk 0:39:34]} 32. Bxa4 {[%clk 1:10:18]} 32...
Rxb4 0-1

[Event "DEM U18 2017"]
[Site "Willingen GER"]
[Date "2017.06.07"]
[Round "6"]
[White "Gschnitzer, Adrian"]
[Black "Sawlin, Leonid"]
[Result "1/2-1/2"]
[Termination "normal"]
[Board "1"]
[BlackTitle "FM"]
[WhiteElo "2342"]
[BlackElo "2303"]
[WhiteClock "00:05:18"]
[BlackClock "01:22:03"]
[PlyCount "123"]
[WhiteFideId "1270337"]
[BlackFideId "4689542"]
[EventCountry "GER"]
[EventRounds "9"]
[EventType "swiss"]
[EventDate "2017.06.03"]

1. e4 {[%clk 1:30:58]} 1... e6 {[%clk 1:30:54]} 2. d4 {[%clk 1:31:23]} 2... d5
{[%clk 1:31:20]} 3. Nd2 {[%clk 1:31:46]} 3... c5 {[%clk 1:31:45]} 4. exd5 {
[%clk 1:32:05]} 4... exd5 {[%clk 1:32:07]} 5. Ngf3 {[%clk 1:32:21]} 5... Nf6 {
[%clk 1:32:30]} 6. Bb5+ {[%clk 1:32:40]} 6... Bd7 {[%clk 1:32:51]} 7. Bxd7+ {
[%clk 1:32:29]} 7... Nbxd7 {[%clk 1:33:16]} 8. O-O {[%clk 1:32:40]} 8... Be7 {
[%clk 1:33:42]} 9. dxc5 {[%clk 1:30:33]} 9... Nxc5 {[%clk 1:34:05]} 10. Nb3 {
[%clk 1:28:18]} 10... Nce4 {[%clk 1:34:21]} 11. Nbd4 {[%clk 1:25:59]} 11... Nd6
{[%clk 1:33:44]} 12. Qd3 {[%clk 1:22:16]} 12... O-O {[%clk 1:31:02]} 13. Nf5 {
[%clk 1:14:51]} 13... Nxf5 {[%clk 1:25:15]} 14. Qxf5 {[%clk 1:15:12]} 14... Qc8
{[%clk 1:22:02]} 15. Nd4 {[%clk 1:11:58]} 15... Bc5 {[%clk 1:21:58]} 16. Qxc8 {
[%clk 1:11:43]} 16... Raxc8 {[%clk 1:22:20]} 17. Nb3 {[%clk 1:11:39]} 17... Bb6
{[%clk 1:21:47]} 18. c3 {[%clk 1:11:44]} 18... Rfe8 {[%clk 1:22:02]} 19. a4 {
[%clk 1:05:45]} 19... a6 {[%clk 1:19:18]} 20. a5 {[%clk 1:04:55]} 20... Ba7 {
[%clk 1:19:42]} 21. Ra4 {[%clk 0:57:20]} 21... Rc4 {[%clk 1:17:18]} 22. Rxc4 {
[%clk 0:56:07]} 22... dxc4 {[%clk 1:17:46]} 23. Nd2 {[%clk 0:56:14]} 23... Ne4
{[%clk 1:17:55]} 24. Nxe4 {[%clk 0:52:39]} 24... Rxe4 {[%clk 1:18:22]} 25. Rd1
{[%clk 0:44:42]} 25... Kf8 {[%clk 1:18:34]} 26. Kf1 {[%clk 0:44:43]} 26... Ke7
{[%clk 1:17:34]} 27. Rd5 {[%clk 0:32:46]} 27... Bb8 {[%clk 1:12:37]} 28. Be3 {
[%clk 0:26:19]} 28... Bxh2 {[%clk 1:09:53]} 29. Bd4 {[%clk 0:22:21]} 29... Bd6
{[%clk 1:09:11]} 30. Bxg7 {[%clk 0:21:24]} 30... Ke6 {[%clk 1:05:29]} 31. Rh5 {
[%clk 0:20:50]} 31... f6 {[%clk 1:04:56]} 32. Rxh7 {[%clk 0:18:49]} 32... Be7 {
[%clk 1:02:49]} 33. Rh5 {[%clk 0:15:26]} 33... Re5 {[%clk 1:03:07]} 34. Rxe5+ {
[%clk 0:10:41]} 34... Kxe5 {[%clk 1:03:30]} 35. Ke2 {[%clk 0:10:51]} 35... Bd8
{[%clk 1:03:16]} 36. g4 {[%clk 0:10:39]} 36... Kf4 {[%clk 1:01:59]} 37. f3 {
[%clk 0:10:42]} 37... Kg5 {[%clk 1:02:23]} 38. Bf8 {[%clk 0:09:59]} 38... Bxa5
{[%clk 1:02:22]} 39. Ke3 {[%clk 0:05:49]} 39... f5 {[%clk 0:52:06]} 40. Be7+ {
[%clk 0:05:33]} 40... Kg6 {[%clk 0:52:30]} 41. Kd4 {[%clk 0:05:17]} 41... fxg4
{[%clk 0:51:04]} 42. fxg4 {[%clk 0:05:29]} 42... Kf7 {[%clk 0:50:03]} 43. Bb4 {
[%clk 0:04:04]} 43... Bd8 {[%clk 0:50:25]} 44. Kxc4 {[%clk 0:03:52]} 44... Kf6
{[%clk 0:49:44]} 45. Kd5 {[%clk 0:02:20]} 45... a5 {[%clk 0:49:47]} 46. Bc5 {
[%clk 0:30:20]} 46... Kg5 {[%clk 1:20:13]} 47. Kc4 {[%clk 0:30:14]} 47... Kxg4
{[%clk 1:20:22]} 48. Kb5 {[%clk 0:30:23]} 48... Kf5 {[%clk 1:20:35]} 49. Bb6 {
[%clk 0:29:58]} 49... Bg5 {[%clk 1:20:35]} 50. Bxa5 {[%clk 0:29:15]} 50... Be3
{[%clk 1:20:51]} 51. c4 {[%clk 0:24:23]} 51... Ke6 {[%clk 1:20:50]} 52. c5 {
[%clk 0:22:20]} 52... Kd7 {[%clk 1:21:04]} 53. Bc3 {[%clk 0:22:00]} 53... Bf4 {
[%clk 1:21:16]} 54. Kb6 {[%clk 0:20:59]} 54... Kc8 {[%clk 1:21:19]} 55. Bf6 {
[%clk 0:19:56]} 55... Bd2 {[%clk 1:21:33]} 56. Be5 {[%clk 0:19:21]} 56... Be1 {
[%clk 1:21:08]} 57. Kb5 {[%clk 0:14:12]} 57... Bh4 {[%clk 1:21:30]} 58. b4 {
[%clk 0:13:41]} 58... Bd8 {[%clk 1:21:53]} 59. Bd6 {[%clk 0:10:58]} 59... Kd7 {
[%clk 1:21:46]} 60. Bb8 {[%clk 0:06:34]} 60... Kc8 {[%clk 1:22:07]} 61. Ba7 {
[%clk 0:06:51]} 61... Bc7 {[%clk 1:22:03]} 62. Bb6 {[%clk 0:05:18]} 1/2-1/2

[Event "DEM U18 2017"]
[Site "Willingen GER"]
[Date "2017.06.07"]
[Round "6"]
[White "Vogel, Roven"]
[Black "Kololli, Martin"]
[Result "1-0"]
[Termination "normal"]
[Board "2"]
[WhiteTitle "IM"]
[WhiteElo "2464"]
[BlackElo "2238"]
[WhiteClock "00:32:09"]
[BlackClock "00:18:03"]
[PlyCount "53"]
[WhiteFideId "12908088"]
[BlackFideId "12936910"]
[EventCountry "GER"]
[EventRounds "9"]
[EventType "swiss"]
[EventDate "2017.06.03"]

1. d4 {[%clk 1:30:57]} 1... Nf6 {[%clk 1:30:52]} 2. c4 {[%clk 1:31:20]} 2... e6
{[%clk 1:31:17]} 3. g3 {[%clk 1:31:40]} 3... d5 {[%clk 1:31:16]} 4. Bg2 { [%clk
1:32:02]} 4... Be7 {[%clk 1:30:06]} 5. Nf3 {[%clk 1:27:59]} 5... c5 { [%clk
1:30:09]} 6. O-O {[%clk 1:26:09]} 6... O-O {[%clk 1:24:40]} 7. cxd5 { [%clk
1:25:49]} 7... exd5 {[%clk 1:25:04]} 8. Nc3 {[%clk 1:24:16]} 8... Nc6 { [%clk
1:24:58]} 9. Bg5 {[%clk 1:23:14]} 9... cxd4 {[%clk 1:22:49]} 10. Nxd4 { [%clk
1:22:55]} 10... Be6 {[%clk 1:17:39]} 11. Nxe6 {[%clk 1:16:26]} 11... fxe6
{[%clk 1:17:03]} 12. Bh3 {[%clk 1:16:47]} 12... Qd7 {[%clk 1:14:48]} 13. e4 {
[%clk 1:15:51]} 13... d4 {[%clk 1:13:40]} 14. Qb3 {[%clk 1:14:00]} 14... Kf7 {
[%clk 1:07:16]} 15. Ne2 {[%clk 1:09:31]} 15... Bc5 {[%clk 0:55:43]} 16. Nf4 {
[%clk 0:57:30]} 16... Rae8 {[%clk 0:55:25]} 17. Rae1 {[%clk 0:46:57]} 17... Nd8
{[%clk 0:33:04]} 18. Nd3 {[%clk 0:41:24]} 18... Qc7 {[%clk 0:31:18]} 19. Rc1 {
[%clk 0:38:12]} 19... b6 {[%clk 0:30:14]} 20. Qd1 {[%clk 0:37:19]} 20... Qb7 {
[%clk 0:27:32]} 21. Nxc5 {[%clk 0:34:45]} 21... bxc5 {[%clk 0:27:55]} 22. Rxc5
{[%clk 0:34:26]} 22... Qxe4 {[%clk 0:22:47]} 23. Bg2 {[%clk 0:32:52]} 23... Qg6
{[%clk 0:21:13]} 24. Qxd4 {[%clk 0:32:13]} 24... Kg8 {[%clk 0:20:44]} 25. Bxf6
{[%clk 0:32:02]} 25... gxf6 {[%clk 0:20:06]} 26. Ra5 {[%clk 0:32:14]} 26... e5
{[%clk 0:18:03]} 27. Qc4+ {[%clk 0:32:09]} 1-0

[Event "DEM U18 2017"]
[Site "Willingen GER"]
[Date "2017.06.07"]
[Round "6"]
[White "Ehmann, Thilo"]
[Black "Schröder, Kevin"]
[Result "1-0"]
[Termination "normal"]
[Board "3"]
[WhiteTitle "FM"]
[BlackTitle "FM"]
[WhiteElo "2268"]
[BlackElo "2352"]
[WhiteClock "00:08:07"]
[BlackClock "00:06:47"]
[PlyCount "83"]
[WhiteFideId "12940968"]
[BlackFideId "12929840"]
[EventCountry "GER"]
[EventRounds "9"]
[EventType "swiss"]
[EventDate "2017.06.03"]

1. e4 {[%clk 1:30:59]} 1... Nf6 {[%clk 1:30:35]} 2. Nc3 {[%clk 1:30:27]} 2...
d5 {[%clk 1:30:24]} 3. e5 {[%clk 1:26:46]} 3... Ne4 {[%clk 1:29:59]} 4. Nf3 {
[%clk 1:24:09]} 4... Bg4 {[%clk 1:28:52]} 5. h3 {[%clk 1:22:08]} 5... Bh5 {
[%clk 1:29:01]} 6. e6 {[%clk 1:18:20]} 6... fxe6 {[%clk 1:22:47]} 7. g4 { [%clk
1:10:28]} 7... Bg6 {[%clk 1:21:56]} 8. Ne5 {[%clk 1:09:42]} 8... Nxc3 { [%clk
1:03:32]} 9. bxc3 {[%clk 1:09:01]} 9... Nd7 {[%clk 1:03:55]} 10. Nxg6 { [%clk
1:07:50]} 10... hxg6 {[%clk 1:04:23]} 11. Bg2 {[%clk 1:02:44]} 11... c6 { [%clk
1:04:21]} 12. O-O {[%clk 0:58:18]} 12... e5 {[%clk 1:02:16]} 13. d4 { [%clk
0:54:03]} 13... e6 {[%clk 0:59:10]} 14. dxe5 {[%clk 0:53:45]} 14... Bc5 { [%clk
0:59:23]} 15. Bf4 {[%clk 0:50:16]} 15... O-O {[%clk 0:51:24]} 16. Bg3 { [%clk
0:42:46]} 16... b5 {[%clk 0:49:34]} 17. Kh1 {[%clk 0:41:09]} 17... Nb6 { [%clk
0:47:33]} 18. Qd3 {[%clk 0:39:35]} 18... Qe8 {[%clk 0:44:49]} 19. f4 { [%clk
0:37:09]} 19... Nc4 {[%clk 0:41:51]} 20. Rae1 {[%clk 0:33:16]} 20... Rd8 {[%clk
0:34:28]} 21. Bh4 {[%clk 0:32:23]} 21... Rc8 {[%clk 0:33:33]} 22. Re2 { [%clk
0:27:12]} 22... a5 {[%clk 0:33:01]} 23. Bg5 {[%clk 0:26:12]} 23... a4 { [%clk
0:29:25]} 24. h4 {[%clk 0:24:18]} 24... Rc7 {[%clk 0:23:29]} 25. Qg3 { [%clk
0:22:24]} 25... Be7 {[%clk 0:22:39]} 26. Bh3 {[%clk 0:21:54]} 26... Bxg5 {[%clk
0:22:28]} 27. hxg5 {[%clk 0:22:10]} 27... Qe7 {[%clk 0:21:46]} 28. Qh4 { [%clk
0:20:40]} 28... Qd8 {[%clk 0:15:01]} 29. f5 {[%clk 0:16:08]} 29... gxf5 { [%clk
0:15:06]} 30. gxf5 {[%clk 0:15:33]} 30... g6 {[%clk 0:14:14]} 31. f6 { [%clk
0:12:18]} 31... Qd7 {[%clk 0:08:36]} 32. Qh6 {[%clk 0:10:59]} 32... Kf7 { [%clk
0:07:28]} 33. Qg7+ {[%clk 0:10:25]} 33... Ke8 {[%clk 0:07:58]} 34. f7+ { [%clk
0:10:01]} 34... Qxf7 {[%clk 0:08:02]} 35. Rxf7 {[%clk 0:10:25]} 35... Rcxf7
{[%clk 0:08:30]} 36. Qxg6 {[%clk 0:10:43]} 36... Kd8 {[%clk 0:08:59]} 37. Qxe6
{[%clk 0:10:48]} 37... Kc7 {[%clk 0:08:57]} 38. g6 {[%clk 0:10:45]} 38... Rg7
{[%clk 0:09:27]} 39. Bf5 {[%clk 0:10:38]} 39... a3 40. Qf6 {[%clk 0:08:04]}
40... Rfg8 {[%clk 0:07:14]} 41. Be6 {[%clk 0:07:43]} 41... Rxg6 {[%clk 0:06:47]
} 42. Bxg8 {[%clk 0:08:07]} 1-0